000 00522nam a2200181Ia 4500
005 20250508150351.0
008 008 250505s9999 xx 000 0 eng d
037 _aTextual
040 _aFEDL
_beng
_cFEDL
041 _aeng
_2eng
084 _a309, BAR
_qFEDL
100 _aBarnes Harry Elmer Ed.
245 0 _aIntroduction to the history of sociology
260 _aChicago, USA
_bThe University of Chicago Press
_c1948
300 _axvi,960p.
942 _cTEXL
_h309, BAR
999 _c1323216
_d1323216